00561nam a22001817a 4500999001900000003000400019020001800023082002000041245008200061260002700143300001000170546001200180650002100192650002400213700001600237942001200253952011400265 c196349d196349OSt a9788194148982 a615.358bDHI/ME aMedicinal plants for longevity:bevidence based rasayana approach of ayurveda aNew delhibCCRASc2019 a124p. aEnglish amedicinal plants aherbal of longevity aDhiman, K S 2ddccBK 00102ddc40708GenaKAUCLVbKAUCLVcGENERALd2021-12-28l0o615.358 DHI/MEp811778r2021-12-28 00:00:00yBK